000 01436cam a2200397 i 4500
001 20579397
003 NUST
005 20220405113941.0
008 180712s2018 pk b 001 0 eng
010 _a 2018322504
020 _a9789697576265
025 _aP-E-2018322504; 17
037 _bLibrary of Congress -- Islamabad Overseas Office
038 _awaseem
040 _aDLC
_beng
_cDLC
_erda
042 _alcode
_apcc
043 _aa-pk---
050 0 0 _aKPL970
_b.C483 2018
082 _a341.759
_bCHA
100 1 _aChaudhry, Sharafat Ali,
_d1975-
_eauthor.
_990832
245 1 0 _aLaw and development :
_ban alternative indicator for the measurement of development /
_cSharafat A. Chaudhry.
250 _a1st edition.
264 1 _aIslamabad :
_bIqbal International Institute for Research and Dialogue,
_c2018.
300 _axixx, 175 pages ;
_c22 cm
336 _atext
_btxt
_2rdacontent
337 _aunmediated
_bn
_2rdamedia
338 _avolume
_bnc
_2rdacarrier
504 _aIncludes bibliographical references (pages 123-145) and index.
563 _aPBK.
650 0 _aLaw and economic development.
_990833
651 0 _aPakistan
_xEconomic policy.
_911106
710 1 _aInternational Islamic University (Islāmābād, Pakistan).
_bIqbal International Institute for Research & Dialogue.
_97154
906 _a7
_bcbc
_corigode
_d2
_encip
_f20
_gy-gencatlg
942 _2ddc
_cBK
999 _c589046
_d589046